[Event "Winnipeg TNT May op"]
[Site "Winnipeg"]
[Date "2017.05.16"]
[Round "3"]
[White "Clark, Jeff"]
[Black "Wolchock, Theo"]
[Result "0-1"]
[WhiteElo "2010"]
[BlackElo "2071"]
[PlyCount "76"]
[EventDate "2017.05.02"]
[EventType "swiss"]
[EventRounds "5"]
[EventCountry "CAN"]
[SourceTitle "EXT 2022"]
[Source "ChessBase"]
[SourceDate "2021.10.06"]
[SourceVersion "1"]
[SourceVersionDate "2021.10.06"]
[SourceQuality "1"]

1. Nc3 c5 2. d4 cxd4 3. Qxd4 Nc6 4. Qh4 d5 5. Bg5 f6 6. Bd2 e5 7. e4 dxe4 8. Qxe4 Nge7 9. Nf3 Bf5 10. Qa4 Bd7 11. Qe4 Bf5 12. Qa4 Bd7 13. Qe4 Nf5 14. Bd3 Be7 15. Qg4 g6 16. Nh4 Nxh4 17. Qxh4 f5 18. Qh6 Nb4 19. Qe3 Nxd3+ 20. Qxd3 Bc6 21. Qxd8+ Rxd8 22. f3 Bh4+ 23. g3 Be7 24. Rf1 Kf7 25. 0-0-0 a6 26. Be3 Rxd1+ 27. Kxd1 Rd8+ 28. Kc1 Bb4 29. a3 Be7 30. Ne2 Bf6 31. Ng1 Bg7 32. h4 h6 33. Rd1 Re8 34. Bd2 e4 35. Bc3 Bxc3 36. bxc3 exf3 37. Rf1 f2 38. Nh3 Re1+ 0-1

[Event "Winnipeg TNT May op"]
[Site "Winnipeg"]
[Date "2017.05.09"]
[Round "2"]
[White "Babb, Jeff"]
[Black "Clark, Jeff"]
[Result "1/2-1/2"]
[WhiteElo "2132"]
[BlackElo "2010"]
[PlyCount "116"]
[EventDate "2017.05.02"]
[EventType "swiss"]
[EventRounds "5"]
[EventCountry "CAN"]
[SourceTitle "EXT 2022"]
[Source "ChessBase"]
[SourceDate "2021.10.06"]
[SourceVersion "1"]
[SourceVersionDate "2021.10.06"]
[SourceQuality "1"]

1. f4 Nf6 2. Nf3 g6 3. d3 d5 4. e3 Bg7 5. Be2 0-0 6. 0-0 c5 7. Nc3 Nc6 8. e4 d4 9. Na4 Nd7 10. b3 b5 11. Nb2 Bb7 12. a4 a6 13. Ng5 h6 14. Nh3 e6 15. Bd2 f5 16. Bf3 Rb8 17. Qe2 Re8 18. Rae1 Kh8 19. Qf2 Nb6 20. axb5 axb5 21. Kh1 b4 22. Ra1 Qe7 23. Na4 Nxa4 24. Rxa4 Ra8 25. Rfa1 Rxa4 26. Rxa4 Ra8 27. Rxa8+ Bxa8 28. g4 Nd8 29. exf5 Bxf3+ 30. Qxf3 exf5 31. gxf5 gxf5 32. Qh5 Qf6 33. Ng5 Kg8 34. Nf3 Nf7 35. Kg2 Qe6 36. Kf1 Nd6 37. Qh3 Nb5 38. Nh4 Na3 39. Nxf5 Nxc2 40. Qg4 Qf6 41. Nxg7 Qxg7 42. Qe6+ Kh7 43. Qf5+ Qg6 44. Qd7+ Qg7 45. Qe6 Qg6 46. Qd7+ Qg7 47. Qe6 Qg6 48. Qe7+ Kh8 49. Qf8+ Kh7 50. f5 Qh5 51. Qe7+ Kg8 52. Qe6+ Kh7 53. Qd7+ Kg8 54. Qd5+ Kh7 55. Qb7+ Kg8 56. Qb8+ Kh7 57. Qc7+ Kg8 58. Qc8+ Kh7 1/2-1/2

[Event "Winnipeg TNT April op"]
[Site "Winnipeg"]
[Date "2017.04.18"]
[Round "3"]
[White "Marshall, Ken"]
[Black "Clark, Jeff"]
[Result "0-1"]
[WhiteElo "1479"]
[BlackElo "2018"]
[PlyCount "62"]
[EventDate "2017.04.04"]
[EventType "swiss"]
[EventRounds "4"]
[EventCountry "CAN"]
[SourceTitle "EXT 2022"]
[Source "ChessBase"]
[SourceDate "2021.10.06"]
[SourceVersion "1"]
[SourceVersionDate "2021.10.06"]
[SourceQuality "1"]

1. e4 c5 2. Nf3 d6 3. d4 cxd4 4. Nxd4 Nf6 5. Nc3 a6 6. Bc4 e6 7. Be3 Be7 8. Qd2 Qc7 9. Bb3 Bd7 10. h3 Nc6 11. a3 Na5 12. f4 Nxb3 13. Nxb3 Bc6 14. f5 0-0 15. fxe6 Nxe4 16. Nd5 Nxd2 17. Nxc7 Nxb3 18. cxb3 Rac8 19. exf7+ Rxf7 20. Ne6 Bxg2 21. Rh2 Rf1+ 22. Kd2 Rxa1 23. Rxg2 Bf6 24. Bh6 g6 25. h4 Rac1 26. Rg4 R1c2+ 27. Ke3 Rxb2 28. Nf4 Rxb3+ 29. Nd3 Rcc3 30. Rf4 Rxd3+ 31. Ke2 Bg7 0-1

[Event "Winnipeg Boardman Memorial"]
[Site "Winnipeg"]
[Date "2016.04.05"]
[Round "1"]
[White "Clark, Jeff"]
[Black "Letain, Cory"]
[Result "1-0"]
[WhiteElo "2017"]
[BlackElo "1647"]
[PlyCount "83"]
[EventDate "2016.04.05"]
[EventType "swiss"]
[EventRounds "4"]
[EventCountry "CAN"]
[SourceTitle "EXT 2022"]
[Source "ChessBase"]
[SourceDate "2021.10.06"]
[SourceVersion "1"]
[SourceVersionDate "2021.10.06"]
[SourceQuality "1"]

1. d4 Nf6 2. c4 c5 3. Nf3 cxd4 4. Nxd4 Nc6 5. g3 e6 6. Nxc6 bxc6 7. Bg2 Bb4+ 8. Bd2 Bxd2+ 9. Qxd2 0-0 10. 0-0 d5 11. Rd1 Bb7 12. Nc3 dxc4 13. Qf4 Qb6 14. Qxc4 Rac8 15. Na4 Qa6 16. Rac1 Qxc4 17. Rxc4 Ba6 18. Rc2 Nd5 19. a3 Rc7 20. Nc5 Bb7 21. Rdc1 Ne7 22. Rd1 Rfc8 23. Rcd2 g6 24. e4 Kg7 25. Bh3 Kg8 26. f4 Re8 27. Rd8 Kf8 28. Bxe6 Rxd8 29. Rxd8+ Kg7 30. Bc4 Bc8 31. Kf2 Bg4 32. Ke3 Rc8 33. Rxc8 Bxc8 34. Kd4 f5 35. e5 h6 36. Nd3 g5 37. Kc5 Kf8 38. Kd6 Ke8 39. e6 Bb7 40. Kc7 Bc8 41. Ne5 a5 42. Nf7 1-0

[Event "Winnipeg TNT February op"]
[Site "Winnipeg"]
[Date "2016.02.02"]
[Round "1.4"]
[White "Einarsson, Ken"]
[Black "Clark, Jeff"]
[Result "0-1"]
[WhiteElo "1749"]
[BlackElo "2036"]
[PlyCount "102"]
[EventDate "2016.02.02"]
[EventType "swiss"]
[EventRounds "4"]
[EventCountry "CAN"]
[SourceTitle "EXT 2022"]
[Source "ChessBase"]
[SourceDate "2021.10.06"]
[SourceVersion "1"]
[SourceVersionDate "2021.10.06"]
[SourceQuality "1"]

1. d4 Nf6 2. c4 g6 3. Nc3 d5 4. e3 Bg7 5. Nf3 0-0 6. Be2 c6 7. 0-0 Nbd7 8. cxd5 cxd5 9. Qb3 e6 10. Bd2 b6 11. Rac1 Bb7 12. Nb5 Ba6 13. Bb4 Re8 14. Rfe1 Bxb5 15. Bxb5 Bf8 16. Ne5 Nxe5 17. dxe5 Nd7 18. Qa4 Bxb4 19. Qxb4 Rf8 20. Qd6 Nc5 21. Qxd8 Rfxd8 22. b4 a6 23. Bc6 Rac8 24. bxc5 Rxc6 25. cxb6 Rxb6 26. Re2 Rdb8 27. g3 Rb1 28. Rxb1 Rxb1+ 29. Kg2 Rb4 30. Rc2 Kg7 31. f4 Ra4 32. Kf2 h6 33. h3 g5 34. Rd2 Kg6 35. Kf3 h5 36. g4 a5 37. Kg3 h4+ 38. Kf3 gxf4 39. exf4 Ra3+ 40. Kg2 Rg3+ 41. Kh2 Rf3 42. f5+ exf5 43. Rxd5 Rf2+ 44. Kg1 Rxa2 45. Rd6+ Kg5 46. gxf5 Kxf5 47. Rf6+ Kxe5 48. Rxf7 a4 49. Rh7 Kf4 50. Rxh4+ Kg3 51. Rb4 Ra1+ 0-1

[Event "Winnipeg TNT January op"]
[Site "Winnipeg"]
[Date "2016.01.26"]
[Round "4.4"]
[White "Clark, Jeff"]
[Black "Trueman, Francis"]
[Result "1-0"]
[WhiteElo "2057"]
[BlackElo "1473"]
[PlyCount "38"]
[EventDate "2016.01.05"]
[EventType "swiss"]
[EventRounds "4"]
[EventCountry "CAN"]
[SourceTitle "EXT 2022"]
[Source "ChessBase"]
[SourceDate "2021.10.06"]
[SourceVersion "1"]
[SourceVersionDate "2021.10.06"]
[SourceQuality "1"]

1. e4 d6 2. d4 Nf6 3. Nc3 g6 4. f3 Bg7 5. Be3 0-0 6. Qd2 c6 7. Bd3 Qc7 8. 0-0-0 e5 9. dxe5 dxe5 10. g4 a5 11. h4 h5 12. Nge2 hxg4 13. h5 Nxh5 14. fxg4 Bxg4 15. Rdg1 Nd7 16. Rh4 Be6 17. Rxh5 f5 18. Bh6 Rf7 19. Bxg7 gxh5 1-0

[Event "Winnipeg TNT January op"]
[Site "Winnipeg"]
[Date "2016.01.19"]
[Round "3.4"]
[White "Atem, James"]
[Black "Clark, Jeff"]
[Result "1/2-1/2"]
[WhiteElo "1831"]
[BlackElo "2057"]
[PlyCount "84"]
[EventDate "2016.01.05"]
[EventType "swiss"]
[EventRounds "4"]
[EventCountry "CAN"]
[SourceTitle "EXT 2022"]
[Source "ChessBase"]
[SourceDate "2021.10.06"]
[SourceVersion "1"]
[SourceVersionDate "2021.10.06"]
[SourceQuality "1"]

1. e4 Nf6 2. e5 Nd5 3. c4 Nb6 4. a4 a5 5. Nc3 d6 6. exd6 exd6 7. d4 Be7 8. Bd3 Nc6 9. Nge2 Nb4 10. 0-0 Nxd3 11. Qxd3 0-0 12. Bf4 c6 13. b3 d5 14. c5 Nd7 15. Rfe1 Re8 16. Ng3 g6 17. Re3 Nf8 18. Rae1 Be6 19. Bh6 Qd7 20. h3 b6 21. cxb6 Rab8 22. Nce2 Rxb6 23. Nf4 c5 24. Bxf8 Rxf8 25. Nxe6 fxe6 26. Rf3 Rxf3 27. gxf3 Qb7 28. Qe3 cxd4 29. Qxd4 Bf8 30. Kg2 Bg7 31. Qc5 Rxb3 32. Rxe6 Rxf3 33. Re7 Qb3 34. Qxa5 Rf8 35. Re3 Qd1 36. Ne2 Bh6 37. Re7 Qd3 38. Qa7 Qf3+ 39. Kg1 Qxh3 40. Rxh7 Qg4+ 41. Ng3 Qf4 42. Rd7 Qd2 1/2-1/2

[Event "Winnipeg op"]
[Site "Winnipeg"]
[Date "2015.07.06"]
[Round "6"]
[White "Clark, Jeff"]
[Black "Baron, Gustav L"]
[Result "0-1"]
[WhiteElo "2054"]
[BlackElo "2031"]
[PlyCount "52"]
[EventDate "2015.06.02"]
[EventType "swiss"]
[EventRounds "9"]
[EventCountry "CAN"]
[SourceTitle "EXT 2019"]
[Source "ChessBase"]
[SourceDate "2018.10.10"]
[SourceVersion "1"]
[SourceVersionDate "2018.10.10"]
[SourceQuality "1"]

1. e4 c5 2. Nf3 e6 3. d4 cxd4 4. Nxd4 a6 5. Bd3 Bc5 6. Nb3 Be7 7. 0-0 Nc6 8. Be3 d6 9. f4 Nf6 10. Nc3 e5 11. f5 d5 12. exd5 Nxd5 13. Nxd5 Qxd5 14. Qg4 Bf6 15. Bc4 Qd7 16. Rad1 Qc7 17. Nc5 h5 18. Qg3 h4 19. Qf2 Nd4 20. Bxd4 exd4 21. Rfe1+ Kf8 22. Qe2 Bxf5 23. Nb3 Rd8 24. Kh1 h3 25. g3 Qc6+ 26. Kg1 Bg4 0-1

[Event "Winnipeg op"]
[Site "Winnipeg"]
[Date "2015.06.23"]
[Round "4"]
[White "Wolchock, Theo"]
[Black "Clark, Jeff"]
[Result "1/2-1/2"]
[WhiteElo "1957"]
[BlackElo "2054"]
[PlyCount "33"]
[EventDate "2015.06.02"]
[EventType "swiss"]
[EventRounds "9"]
[EventCountry "CAN"]
[SourceTitle "EXT 2019"]
[Source "ChessBase"]
[SourceDate "2018.10.10"]
[SourceVersion "1"]
[SourceVersionDate "2018.10.10"]
[SourceQuality "1"]

1. c4 c5 2. g3 Nf6 3. Bg2 g6 4. Nc3 Bg7 5. e3 0-0 6. Nge2 d6 7. 0-0 Nc6 8. d4 cxd4 9. exd4 Bg4 10. h3 Bxe2 11. Nxe2 d5 12. Qa4 e6 13. Bg5 Qb6 14. Bxf6 Bxf6 15. cxd5 exd5 16. Bxd5 Nxd4 17. Nxd4 1/2-1/2

[Event "Winnipeg April TNT"]
[Site "Winnipeg"]
[Date "2015.04.07"]
[Round "1.4"]
[White "Clark, Jeff"]
[Black "Czarny, Keith"]
[Result "1-0"]
[WhiteElo "2056"]
[BlackElo "1714"]
[PlyCount "61"]
[EventDate "2015.04.07"]
[EventType "swiss"]
[EventRounds "4"]
[EventCountry "CAN"]
[SourceTitle "EXT 2019"]
[Source "ChessBase"]
[SourceDate "2018.10.10"]
[SourceVersion "1"]
[SourceVersionDate "2018.10.10"]
[SourceQuality "1"]

1. e4 d6 2. d4 g6 3. Nc3 Bg7 4. Be3 f5 5. Qd2 Nf6 6. Bd3 Nc6 7. Nge2 Ng4 8. 0-0-0 Nxe3 9. Qxe3 0-0 10. Bc4+ Kh8 11. h4 Na5 12. Bd3 fxe4 13. Nxe4 Bf5 14. h5 g5 15. h6 Bf6 16. N2g3 e6 17. Nxf5 exf5 18. Nxf6 Qxf6 19. d5 Rae8 20. Qd2 b6 21. Ba6 Re4 22. Qd3 c5 23. dxc6 Nxc6 24. Qxd6 Re6 25. Qa3 Qe7 26. Qxe7 Rxe7 27. Rd6 Nb4 28. Bc4 Rc8 29. Rhd1 Ree8 30. Bb3 Nc6 31. Ba4 1-0

[Event "Winnipeg op"]
[Site "Winnipeg"]
[Date "2014.06.03"]
[Round "1"]
[White "Clark, Jeff"]
[Black "Leaden, Bruce"]
[Result "1-0"]
[WhiteElo "1988"]
[BlackElo "1573"]
[PlyCount "57"]
[EventDate "2014.06.03"]
[EventType "swiss"]
[EventRounds "8"]
[EventCountry "CAN"]
[SourceTitle "EXT 2019"]
[Source "ChessBase"]
[SourceDate "2018.10.10"]
[SourceVersion "1"]
[SourceVersionDate "2018.10.10"]
[SourceQuality "1"]

1. d4 e6 2. c4 b6 3. Nc3 Bb7 4. e4 Bb4 5. Bd3 Nc6 6. Nf3 Nge7 7. a3 Bxc3+ 8. bxc3 0-0 9. 0-0 Na5 10. Rb1 Rb8 11. e5 h6 12. Nh4 f5 13. exf6 Rxf6 14. Qg4 Qe8 15. Rb5 c5 16. Bf4 Rxf4 17. Qxf4 Bc6 18. Rbb1 Qf8 19. Qxf8+ Rxf8 20. dxc5 bxc5 21. f4 Nf5 22. Nxf5 exf5 23. Rfe1 Nb7 24. Re5 Nd6 25. Rxc5 Be4 26. Bxe4 Nxe4 27. Rc7 Nxc3 28. Rbb7 Re8 29. Rxd7 1-0

[Event "Winnipeg TNT April op"]
[Site "Winnipeg"]
[Date "2014.04.15"]
[Round "3.5"]
[White "Clark, Jeff"]
[Black "Evans, Jason"]
[Result "1/2-1/2"]
[WhiteElo "1986"]
[BlackElo "1417"]
[PlyCount "44"]
[EventDate "2014.04.01"]
[EventType "swiss"]
[EventRounds "5"]
[EventCountry "CAN"]
[SourceTitle "EXT 2022"]
[Source "ChessBase"]
[SourceDate "2021.10.06"]
[SourceVersion "1"]
[SourceVersionDate "2021.10.06"]
[SourceQuality "1"]

1. e4 d6 2. d4 c6 3. f4 Qc7 4. Nf3 Bg4 5. Be2 Nd7 6. 0-0 e5 7. Nc3 Ngf6 8. Be3 Be7 9. h3 Bxf3 10. Bxf3 0-0 11. dxe5 dxe5 12. f5 Bc5 13. Qe2 Bd4 14. Nd1 Bxe3+ 15. Qxe3 Qb6 16. Qxb6 axb6 17. Nc3 Rfd8 18. Rad1 Nc5 19. Kf2 Kf8 20. Ke3 Ke7 21. g4 Rxd1 22. Rxd1 Na4 1/2-1/2

[Event "Winnipeg TNT April op"]
[Site "Winnipeg"]
[Date "2014.04.01"]
[Round "1.5"]
[White "Clark, Jeff"]
[Black "Leaden, Bruce"]
[Result "1-0"]
[WhiteElo "1986"]
[BlackElo "1602"]
[PlyCount "51"]
[EventDate "2014.04.01"]
[EventType "swiss"]
[EventRounds "5"]
[EventCountry "CAN"]
[SourceTitle "EXT 2022"]
[Source "ChessBase"]
[SourceDate "2021.10.06"]
[SourceVersion "1"]
[SourceVersionDate "2021.10.06"]
[SourceQuality "1"]

1. d4 d5 2. Nf3 e6 3. c4 Nf6 4. Nc3 Bb4 5. a3 Bxc3+ 6. bxc3 0-0 7. e3 c6 8. Bd3 dxc4 9. Bxc4 Nbd7 10. 0-0 b5 11. Bd3 Re8 12. c4 e5 13. dxe5 Nxe5 14. Nxe5 Bb7 15. Bb2 bxc4 16. Bxc4 Re7 17. Qxd8+ Rxd8 18. Rfd1 Rxd1+ 19. Rxd1 Kf8 20. Rd8+ Re8 21. Rxe8+ Kxe8 22. Nxf7 Ke7 23. Bd4 Nd5 24. Ne5 a6 25. Nd3 g6 26. Nc5 1-0

[Event "Winnipeg TNT March op"]
[Site "Winnipeg"]
[Date "2014.03.18"]
[Round "3.4"]
[White "Melamedoff, Gustavo"]
[Black "Clark, Jeff"]
[Result "1/2-1/2"]
[WhiteElo "2080"]
[BlackElo "1964"]
[PlyCount "81"]
[EventDate "2014.03.04"]
[EventType "swiss"]
[EventRounds "4"]
[EventCountry "CAN"]
[SourceTitle "EXT 2022"]
[Source "ChessBase"]
[SourceDate "2021.10.06"]
[SourceVersion "1"]
[SourceVersionDate "2021.10.06"]
[SourceQuality "1"]

1. Nf3 c5 2. c4 Nf6 3. g3 d5 4. cxd5 Nxd5 5. Bg2 Nc6 6. Nc3 Nxc3 7. bxc3 e5 8. 0-0 Be7 9. Rb1 0-0 10. a4 Re8 11. Ba3 Qc7 12. d3 Rb8 13. Qc1 b6 14. Nd2 Na5 15. Nb3 Nxb3 16. Rxb3 Bd7 17. a5 bxa5 18. Rxb8 Rxb8 19. d4 Bg4 20. Qe3 cxd4 21. cxd4 Bxa3 22. Qxa3 exd4 23. Rc1 Qe5 24. Bf3 Bxf3 25. Qxf3 g6 26. Rc6 Qb5 27. Rc7 Qb3 28. Qxb3 Rxb3 29. Rxa7 Ra3 30. Rd7 Ra4 31. Kg2 Rb4 32. Kf3 f5 33. h3 a4 34. g4 a3 35. Ra7 Rb3+ 36. Kf4 d3 37. exd3 Rxd3 38. gxf5 gxf5 39. h4 Rh3 40. f3 Rxh4+ 41. Kxf5 1/2-1/2

[Event "Winnipeg TNT March op"]
[Site "Winnipeg"]
[Date "2014.03.11"]
[Round "2.4"]
[White "Clark, Jeff"]
[Black "Boron, Anthony"]
[Result "1-0"]
[WhiteElo "1964"]
[BlackElo "2014"]
[PlyCount "77"]
[EventDate "2014.03.04"]
[EventType "swiss"]
[EventRounds "4"]
[EventCountry "CAN"]
[SourceTitle "EXT 2022"]
[Source "ChessBase"]
[SourceDate "2021.10.06"]
[SourceVersion "1"]
[SourceVersionDate "2021.10.06"]
[SourceQuality "1"]

1. d4 Nf6 2. Nf3 d5 3. c4 c6 4. e3 a6 5. b3 e6 6. Bd3 Bd6 7. 0-0 Nbd7 8. Bb2 0-0 9. Nbd2 Re8 10. Ne5 Nf8 11. e4 dxe4 12. Nxe4 Bxe5 13. dxe5 Nxe4 14. Bxe4 Qxd1 15. Raxd1 Bd7 16. Rd6 Rec8 17. Rfd1 Be8 18. f4 Rc7 19. Ba3 Ng6 20. Rd8 Rcc8 21. Rxc8 Rxc8 22. g3 Nf8 23. Kf2 b5 24. Rc1 Bd7 25. Bd6 h6 26. Ke3 Nh7 27. Kd4 f5 28. Bh1 g5 29. cxb5 axb5 30. Kc5 gxf4 31. gxf4 Nf8 32. Bxf8 Kxf8 33. Kd6 Rd8 34. Rg1 Be8+ 35. Kxe6 Rd2 36. Ra1 Bd7+ 37. Kf6 Re2 38. a4 b4 39. a5 1-0

[Event "Winnipeg TNT January op"]
[Site "Winnipeg"]
[Date "2014.01.14"]
[Round "2.4"]
[White "Atem, James"]
[Black "Clark, Jeff"]
[Result "0-1"]
[WhiteElo "1952"]
[BlackElo "1998"]
[PlyCount "104"]
[EventDate "2014.01.07"]
[EventType "swiss"]
[EventRounds "4"]
[EventCountry "CAN"]
[SourceTitle "EXT 2022"]
[Source "ChessBase"]
[SourceDate "2021.10.06"]
[SourceVersion "1"]
[SourceVersionDate "2021.10.06"]
[SourceQuality "1"]

1. e4 Nf6 2. e5 Nd5 3. d4 d6 4. c4 Nb6 5. exd6 exd6 6. Nf3 Be7 7. Bd3 0-0 8. 0-0 N8d7 9. a4 Nf6 10. a5 Nbd7 11. Qc2 Re8 12. Nc3 Nf8 13. h3 d5 14. c5 c6 15. b4 a6 16. Re1 Ne6 17. Na4 Qc7 18. Nb6 Rb8 19. g3 Bf8 20. Bd2 Bd7 21. Kg2 g6 22. Re2 Bg7 23. Rae1 Rbd8 24. Qc3 Bc8 25. Ng5 Ne4 26. Bxe4 Nxd4 27. Bf4 Qe7 28. Nxc8 Rxc8 29. Qxd4 Bxd4 30. Bxd5 Qxe2 31. Bxf7+ Kh8 32. Rxe2 Rxe2 33. Ne6 Rxf2+ 34. Kh1 Rxf4 35. Nxf4 Rf8 36. Be6 Bc3 37. Nd3 Rd8 38. Nf4 Bxb4 39. Bg4 Bxa5 40. Ne6 Rd2 41. Ng5 Bb4 42. Bc8 a5 43. Bxb7 a4 44. Bxc6 a3 45. Ne4 Rd1+ 46. Kg2 a2 47. Nf2 Rd2 48. Bb5 Bxc5 49. h4 a1Q 50. Kh3 Rxf2 51. Bc6 h5 52. Be4 Qf1+ 0-1

[Event "Winnipeg TNT October op"]
[Site "Winnipeg"]
[Date "2013.10.15"]
[Round "3"]
[White "Clark, Jeff"]
[Black "Platt, Alex"]
[Result "1-0"]
[WhiteElo "1793"]
[BlackElo "1942"]
[PlyCount "117"]
[EventDate "2013.10.01"]
[EventType "swiss"]
[EventRounds "5"]
[EventCountry "CAN"]
[SourceTitle "EXT 2022"]
[Source "ChessBase"]
[SourceDate "2021.10.06"]
[SourceVersion "1"]
[SourceVersionDate "2021.10.06"]
[SourceQuality "1"]

1. Nf3 d5 2. d4 Nf6 3. c4 c6 4. cxd5 cxd5 5. Nc3 e6 6. g3 Bd6 7. Bg2 0-0 8. 0-0 Nc6 9. Bg5 h6 10. Bxf6 Qxf6 11. Rc1 Rd8 12. e3 Bd7 13. Nb5 Bf8 14. Nc3 Rac8 15. Qe2 Be8 16. Nd2 Qe7 17. f4 f5 18. Nf3 Qb4 19. Rc2 Bh5 20. Rfc1 Na5 21. Qb5 Bxf3 22. Qxb4 Bxb4 23. Bxf3 Nc4 24. Nb1 Nd6 25. Rxc8 Rxc8 26. Rxc8+ Nxc8 27. Kf1 Nd6 28. Ke2 Ne4 29. Bxe4 fxe4 30. a3 Be7 31. Nc3 Kf7 32. f5 h5 33. fxe6+ Kxe6 34. Nb5 Bd6 35. Nxa7 h4 36. Kf2 Kf5 37. Nb5 hxg3+ 38. hxg3 Bb8 39. Nc3 Kg4 40. Nxd5 Bxg3+ 41. Kg2 Be1 42. Nc3 Kf5 43. a4 Bd2 44. Kf2 g5 45. Ke2 Bc1 46. b4 g4 47. a5 g3 48. Nd1 Ba3 49. b5 Bd6 50. a6 bxa6 51. bxa6 Bb8 52. Nc3 Kg4 53. Kf1 Kf3 54. d5 g2+ 55. Kg1 Bh2+ 56. Kxh2 Kf2 57. Nxe4+ Kf1 58. Ng3+ Kf2 59. Ne2 1-0

[Event "Winnipeg TNT April op"]
[Site "Winnipeg"]
[Date "2007.04.24"]
[Round "4"]
[White "Lipic, Stephen"]
[Black "Clark, Jeff"]
[Result "0-1"]
[WhiteElo "1616"]
[BlackElo "1846"]
[PlyCount "81"]
[EventDate "2007.04.03"]
[EventType "swiss"]
[EventRounds "4"]
[EventCountry "CAN"]
[SourceTitle "EXT 2019"]
[Source "ChessBase"]
[SourceDate "2018.10.10"]
[SourceVersion "1"]
[SourceVersionDate "2018.10.10"]
[SourceQuality "1"]

1. f4 d5 2. Nf3 c5 3. e3 Bg4 4. h3 Bxf3 5. Qxf3 e6 6. c4 Nf6 7. g4 h6 8. Bg2 Nc6 9. Nc3 d4 10. Ne4 Nxe4 11. Qxe4 Qh4+ 12. Ke2 Rd8 13. Re1 Be7 14. a3 Bf6 15. Rb1 0-0 16. b4 dxe3 17. dxe3 Bc3 18. Rf1 cxb4 19. axb4 Bxb4 20. c5 a5 21. Qc4 Rd7 22. Qc2 Rfd8 23. Kf3 Rd3 24. Qf2 Qxf2+ 25. Rxf2 Rc3 26. Bd2 Rxc5 27. Bxb4 Nxb4 28. Kg3 b6 29. h4 Rc3 30. Re2 Rdd3 31. Rbe1 b5 32. Be4 Rd6 33. Ra1 Ra6 34. Kf3 Kf8 35. Rb2 Rc4 36. f5 Ke7 37. g5 exf5 38. Bxf5 Rxh4 39. gxh6 Rhxh6 40. Rxb4 axb4 41. Rb1 0-1

[Event "Winnipeg TNT April op"]
[Site "Winnipeg"]
[Date "2007.04.17"]
[Round "3"]
[White "Kwiatek, Jordan"]
[Black "Clark, Jeff"]
[Result "1-0"]
[WhiteElo "1988"]
[BlackElo "1846"]
[PlyCount "91"]
[EventDate "2007.04.03"]
[EventType "swiss"]
[EventRounds "4"]
[EventCountry "CAN"]
[SourceTitle "EXT 2019"]
[Source "ChessBase"]
[SourceDate "2018.10.10"]
[SourceVersion "1"]
[SourceVersionDate "2018.10.10"]
[SourceQuality "1"]

1. d4 Nf6 2. c4 e6 3. Nc3 Bb4 4. Qc2 0-0 5. Bg5 d5 6. cxd5 exd5 7. a3 Be7 8. e3 Re8 9. Bd3 Nbd7 10. Nf3 c6 11. h3 a5 12. 0-0 Ne4 13. Bxe4 dxe4 14. Nxe4 Bxg5 15. Nfxg5 Nf8 16. Nf3 Bf5 17. Nfd2 Qh4 18. f3 Re6 19. Rf2 Rg6 20. Kf1 Re8 21. Qb3 Ne6 22. Ke2 b5 23. Qc3 Nc7 24. Rh1 Nd5 25. Qc1 Qh6 26. Nf1 Bxe4 27. fxe4 Rxe4 28. Kd3 Rge6 29. g3 Qg6 30. Kd2 a4 31. Re2 Nb6 32. Ke1 Nd5 33. Kf2 Qg5 34. h4 Qh6 35. Qd2 f5 36. Rh3 g5 37. h5 f4 38. gxf4 gxf4 39. Qc1 fxe3+ 40. Nxe3 Qf4+ 41. Rf3 Qh2+ 42. Ke1 Qg1+ 43. Rf1 Qg3+ 44. Kd2 Rxe3 45. Kc2 Rxe2+ 46. Kb1 1-0

[Event "Winnipeg TNT March op"]
[Site "Winnipeg"]
[Date "2007.03.20"]
[Round "3"]
[White "Lauritson, Jim"]
[Black "Clark, Jeff"]
[Result "1/2-1/2"]
[WhiteElo "1916"]
[BlackElo "1846"]
[PlyCount "97"]
[EventDate "2007.03.06"]
[EventType "swiss"]
[EventRounds "4"]
[EventCountry "CAN"]
[SourceTitle "EXT 2019"]
[Source "ChessBase"]
[SourceDate "2018.10.10"]
[SourceVersion "1"]
[SourceVersionDate "2018.10.10"]
[SourceQuality "1"]

1. d4 Nf6 2. c4 e6 3. Nc3 Bb4 4. Qc2 c5 5. dxc5 Bxc5 6. Nf3 Nc6 7. Bg5 Be7 8. e4 d6 9. Rd1 Qc7 10. Be2 a6 11. 0-0 0-0 12. a3 Bd7 13. b4 Rfc8 14. Qd3 Be8 15. Rc1 Bf8 16. Rfd1 Nd7 17. Bf4 Nde5 18. Nxe5 dxe5 19. Be3 Rd8 20. Qb1 Nd4 21. c5 Nxe2+ 22. Nxe2 Be7 23. Qb3 Qc6 24. f3 Qa4 25. Qxa4 Bxa4 26. Rxd8+ Rxd8 27. Nc3 Be8 28. Rd1 Rc8 29. a4 Kf8 30. Rd3 a5 31. bxa5 Bxc5 32. Nb5 Bxe3+ 33. Rxe3 Ra8 34. Nc7 Rxa5 35. Nxe8 Kxe8 36. Rb3 Rxa4 37. Rxb7 Rd4 38. Kf2 Rd7 39. Rb5 f6 40. Rb6 Kf7 41. Kg3 f5 42. Rb5 Kf6 43. Rb2 Rd4 44. Re2 g5 45. h4 h6 46. hxg5+ hxg5 47. Kf2 Ra4 48. Kg3 Ra3 49. Kf2 1/2-1/2

[Event "Winnipeg TNT March op"]
[Site "Winnipeg"]
[Date "2007.03.13"]
[Round "2"]
[White "Clark, Jeff"]
[Black "Wasserman, Leor"]
[Result "1-0"]
[WhiteElo "1846"]
[BlackElo "1560"]
[PlyCount "117"]
[EventDate "2007.03.06"]
[EventType "swiss"]
[EventRounds "4"]
[EventCountry "CAN"]
[SourceTitle "EXT 2019"]
[Source "ChessBase"]
[SourceDate "2018.10.10"]
[SourceVersion "1"]
[SourceVersionDate "2018.10.10"]
[SourceQuality "1"]

1. Nf3 Nc6 2. d4 d5 3. g3 Nf6 4. Bg2 Bf5 5. c3 Qd7 6. Bf4 Bh3 7. Bxh3 Qxh3 8. Bxc7 Ng4 9. Rf1 Nxh2 10. Nxh2 Qxh2 11. Nd2 e6 12. Nf3 Qh6 13. Bf4 Qg6 14. Qd3 Qxd3 15. exd3 Be7 16. Kd2 0-0 17. Rfe1 h6 18. Rac1 Kh7 19. Rh1 Kg8 20. a3 Na5 21. Kc2 f6 22. b4 Nc6 23. c4 Rac8 24. Kb3 dxc4+ 25. dxc4 e5 26. Be3 exd4 27. Bxd4 Nxd4+ 28. Nxd4 Rfd8 29. Rhd1 Re8 30. c5 Bd8 31. Rc2 b6 32. c6 Bc7 33. b5 Be5 34. Nf5 Red8 35. Rxd8+ Rxd8 36. c7 Bxc7 37. Rxc7 Rd3+ 38. Rc3 Rd2 39. f3 Kh7 40. Ne7 Rd7 41. Nc6 Kg6 42. Kc2 Kf5 43. Rd3 Rc7 44. Rd8 a6 45. a4 axb5 46. axb5 g5 47. Kd3 h5 48. Ke3 Rh7 49. g4+ hxg4 50. Nd4+ Ke5 51. fxg4 Rh3+ 52. Nf3+ Ke6 53. Ke4 Rg3 54. Nd4+ Kf7 55. Kf5 Ke7 56. Nc6+ Kf7 57. Rd7+ Ke8 58. Re7+ Kf8 59. Kxf6 1-0